000 00501nam a2200181Ia 4500
008 090124s9999 xx 000 0 und d
082 _b112140
100 _aकुलकर्णी वि.म.
245 _a पाऊल खुणा
250 _a1
260 _c1967
300 _a132
600 _aकुलकर्णी वि.म.
630 _a पाऊल खुणा
700 _aकुलकर्णी वि.म.
730 _a पाऊल खुणा
942 _cBOOK
999 _c158231
_d158231